00325nam a2200109 a 4500008004100000050001600041100002100057245007200078260004200150300001400192350000900206120416s1967 ||||||||||||||||| || u aDT 8778 Mul aMulford, David C10aZambia: the politics of independence 1957-1964cBy David C. Mulford aLondonbOxford University Pressc1967 aix, 362p. a0.00